| 000 | 00528nam a2200217Ia 4500 | ||
|---|---|---|---|
| 003 | OSt | ||
| 005 | 20220802141632.0 | ||
| 008 | 210210b1985 xxu||||| |||| 00| 0 eng d | ||
| 020 | _a0 07 038133 X | ||
| 040 | _cAL | ||
| 041 | _aeng | ||
| 082 | _a511 LIUE | ||
| 100 |
_aLIU (C L). _954341 |
||
| 245 | _aElements of discrete mathematics | ||
| 250 | _a2 | ||
| 260 |
_aNew Delhi _bTata McGraw-Hill Publishing Company Ltd _c1985 |
||
| 300 | _axiv,433 | ||
| 690 |
_aMathematics _954342 |
||
| 906 | _a053642 | ||
| 942 |
_2ddc _cBK |
||
| 999 |
_c101414 _d101414 |
||